Homme du match à la Coupe du Monde 2018 - Statistiques

Statistiques générales
  • Ce quiz a été pris 133 fois
    51 depuis la dernière actualisation
  • Le résultat moyen est 31 sur 64
Statistiques - réponses
Match Score Joueur % Correct
France - Pérou 1 - 0 Kylian Mbappé
100%
France - Argentine 4 - 3 Kylian Mbappé
100%
France - Australie 2 - 1 Antoine Griezmann
97%
Uruguay - France 0 - 2 Antoine Griezmann
97%
France - Croatie 4 - 2 Antoine Griezmann
97%
Tunisie - Angleterre 1 - 2 Harry Kane
97%
Angleterre - Panama 6 - 1 Harry Kane
97%
Colombie - Angleterre 1 - 1 pen(3-4) Harry Kane
97%
Croatie - Nigeria 2 - 0 Luka Modrić
97%
Argentine - Croatie 0 - 3 Luka Modrić
97%
Russie - Croatie 2 - 2 pen(3-4) Luka Modrić
97%
Portugal - Espagne 3 - 3 Cristiano Ronaldo
94%
Portugal - Maroc 1 - 0 Cristiano Ronaldo
94%
Uruguay - Arabie Saoudite 1 - 0 Luis Suárez
94%
Uruguay - Russie 3 - 0 Luis Suárez
94%
Brésil - Mexique 2 - 0 Neymar Jr
94%
France - Belgique 1 - 0 Samuel Umtiti
91%
Nigeria - Argentine 1 - 2 Lionel Messi
88%
Uruguay - Portugal 2 - 1 Edinson Cavani
85%
Belgique - Tunisie 5 - 2 Eden Hazard
82%
Belgique - Japon 3 - 2 Eden Hazard
82%
Belgique - Angleterre 2 - 0 Eden Hazard
82%
Brésil - Belgique 1 - 2 Kevin De Bruyne
82%
Belgique - Panama 3 - 0 Romelu Lukaku
76%
Arabie Saoudite - Égypte 2 - 1 Mohamed Salah
67%
Croatie - Angleterre 2 - 1 Ivan Perišić
61%
Pologne - Colombie 0 - 3 James Rodríguez
58%
Japon - Sénégal 2 - 2 Sadio Mané
58%
Iran - Espagne 0 - 1 Diego Costa
48%
Brésil - Suisse 1 - 1 Philippe Coutinho
48%
Brésil - Costa Rica 2 - 0 Philippe Coutinho
48%
Danemark - France 0 - 0 N'Golo Kanté
45%
Nigeria - Islande 2 - 0 Ahmed Musa
39%
Danemark - Australie 1 - 1 Christian Eriksen
39%
Suède - Suisse 1 - 0 Emil Forsberg
39%
Allemagne - Mexique 0 - 1 Hirving Lozano
36%
Serbie - Suisse 1 - 2 Xherdan Shaqiri
36%
Iran - Portugal 1 - 1 Ricardo Quaresma
30%
Corée du Sud - Mexique 1 - 2 Javier Hernández
27%
Croatie - Danemark 1 - 1 pen(3-2) Kasper Schmeichel
27%
Allemagne - Suède 2 - 1 Marco Reus
27%
Pologne - Sénégal 1 - 2 M'Baye Niang
27%
Angleterre - Belgique 0 - 1 Adnan Januzaj
24%
Espagne - Maroc 2 - 2 Isco
24%
Pérou - Danemark 0 - 1 Yussuf Poulsen
24%
Costa Rica - Serbie 0 - 1 Aleksandar Kolarov
15%
Australie - Pérou 0 - 2 André Carrillo
12%
Suède - Angleterre 0 - 2 Jordan Pickford
12%
Serbie - Brésil 0 - 2 Paulinho
12%
Suède - Corée du Sud 1 - 0 Andreas Granqvist
9%
Espagne - Russie 1 - 1 pen(3-4) Igor Akinfeïev
9%
Sénégal - Colombie 0 - 1 Yerry Mina
9%
Argentine - Islande 1 - 1 Hannes Halldórsson
3%
Maroc - Iran 0 - 1 Amine Harit
0%
Suisse - Costa Rica 2 - 2 Blerim Džemaili
0%
Russie - Arabie Saoudite 5 - 0 Denis Tcherychev
0%
Russie - Égypte 3 - 1 Denis Tcherychev
0%
Panama - Tunisie 1 - 2 Fakhreddine Ben Youssef
0%
Japon - Pologne 0 - 1 Jan Bednarek
0%
Corée du Sud - Allemagne 2 - 0 Jo Hyeon-woo
0%
Mexique - Suède 0 - 3 Ludwig Augustinsson
0%
Islande - Croatie 1 - 2 Milan Badelj
0%
Égypte - Uruguay 0 - 1 Mohamed El-Shenawy
0%
Colombie - Japon 1 - 2 Yuya Osako
0%
Aucun quiz correspondant
Distribution des résultats
% des personnes avec chaque résultat
Percentile par nombre de réponses
Votre historique - résultats
Vous n’avez pas pris ce quiz depuis la dernière actualisation